书目信息 |
| 题名: |
职场新人的入门忠告
|
|
| 作者: | 傅国伟 编著 | |
| 分册: | ||
| 出版信息: | 北京 海潮出版社 2003 |
|
| 页数: | 372页 | |
| 开本: | 20cm | |
| 丛书名: | ||
| 单 册: | ||
| 中图分类: | C913.2 | |
| 科图分类: | ||
| 主题词: | 就业--基本知识 | |
| 电子资源: | ||
| ISBN: | 7-80151-685-0 | |
| 000 | 00931nam0 22002417 450 | |
| 001 | 192004002200 | |
| 005 | 20070917090107.59 | |
| 010 | @a7-80151-685-0@dCNY23.80 | |
| 100 | @a20070601d2003 ekmy0chiy0121 ea | |
| 101 | 0 | @achi |
| 102 | @aCN@b110000 | |
| 105 | @ay z 000yy | |
| 200 | 1 | @a职场新人的入门忠告@Azhi chang xin ren de ru men zhong gao@e21世纪的职场全攻略@f傅国伟编著 |
| 210 | @a北京@c海潮出版社@d2003 | |
| 215 | @a372页@d20cm | |
| 300 | @a其他题名:21世纪的职场全攻略 | |
| 330 | @a本书是献给初入社会的新新人类的职场全攻略,是奉劝求职的新人第一份工作不要计较薪资,要将眼光放远,抱着学习的心态才会有更光明的未来。继而在职场中发现别人的优点加以学习,观察别人的缺点予以警惕,第一份工作会让你受用无穷。 | |
| 517 | 1 | @a21世纪的职场全攻略@A21 shi ji de zhi chang quan gong lue |
| 606 | 0 | @a就业@x基本知识 |
| 690 | @aC913.2@v4 | |
| 701 | 0 | @a傅国伟@Afu guo wei@4编著 |
| 801 | 0 | @aCN@c20070917 |
| 905 | @dC913.2@eF917 | |
| 职场新人的入门忠告:21世纪的职场全攻略/傅国伟编著.-北京:海潮出版社,2003 |
| 372页;20cm |
| 其他题名:21世纪的职场全攻略 |
| ISBN 7-80151-685-0:CNY23.80 |
| 本书是献给初入社会的新新人类的职场全攻略,是奉劝求职的新人第一份工作不要计较薪资,要将眼光放远,抱着学习的心态才会有更光明的未来。继而在职场中发现别人的优点加以学习,观察别人的缺点予以警惕,第一份工作会让你受用无穷。 |
| ● |
| 相关链接 |
|
|
|
正题名:职场新人的入门忠告
索取号:C913.2/F917
 
预约/预借
| 序号 | 登录号 | 条形码 | 馆藏地/架位号 | 状态 | 备注 |
| 1 | 626222 | 206262220 | 社科库509/509社科库 61排5列5层/ [索取号:C913.2/F917] | 在馆 |